Nekalá súťaž v súvislostiach autorského a mediálneho práva
Pokračovanie z č. 2/2001. Skutkové podstaty nekalej súťaže podľa paragrafu 47 Obchodného zákonníka - vyvolanie nebezpečenstva zámeny a paragrafu 48 - parazitovanie na povesti. Základné súvislosti mediálneho práva s autorským právom a ochranou proti nekalej súťaži. Hospodárska sila reklamy. Internet...
Saved in:
| Main Author: | |
|---|---|
| Format: | Book Chapter |
| Language: | Slovak |
| Subjects: | |
| Tags: |
No Tags, Be the first to tag this record!
|
MARC
| LEADER | 00000naa a2200000 4500 | ||
|---|---|---|---|
| 001 | r042963 | ||
| 005 | 20230529124651.2 | ||
| 041 | 0 | |a slo | |
| 044 | |a SK | ||
| 245 | 1 | 0 | |a Nekalá súťaž v súvislostiach autorského a mediálneho práva |c Ján Švidroň |
| 520 | |a Pokračovanie z č. 2/2001. Skutkové podstaty nekalej súťaže podľa paragrafu 47 Obchodného zákonníka - vyvolanie nebezpečenstva zámeny a paragrafu 48 - parazitovanie na povesti. Základné súvislosti mediálneho práva s autorským právom a ochranou proti nekalej súťaži. Hospodárska sila reklamy. Internet a ochrana nedotknuteľnosti osoby a jej súkromia. Obchodné tajomstvo v činnosti a z hľadiska poslania verejnoprávnych médií. | ||
| 610 | 2 | 0 | |a súťaž nekalá |
| 610 | 2 | 0 | |a právo autorské |
| 610 | 2 | 0 | |a médiá |
| 610 | 2 | 0 | |a legislatíva |
| 610 | 2 | 0 | |a Slovensko |
| 610 | 2 | 0 | |a právo obchodné |
| 610 | 2 | 0 | |a tajomstvo obchodné |
| 610 | 2 | 0 | |a internet |
| 610 | 2 | 0 | |a ochrana osobnosti |
| 100 | 1 | |a Švidroň, Ján | |